| 000 | 00563nam#a22002295a#4500 | ||
|---|---|---|---|
| 001 | 2448 | ||
| 245 | 1 | 0 |
_aEl nombrador / _cJaime Dávalos. |
| 250 | _a1ª edic. | ||
| 260 |
_aBuenos Aires : _bFabro, _c2014. |
||
| 300 |
_a336 p. ; _c22 cm. |
||
| 500 | _aPertenece a la colección Juan Gelman. | ||
| 020 | _a9789877130355 | ||
| 100 | 1 | _aDávalos, Jaime. | |
| 080 | _a82-1 | ||
| 084 | _aD18 | ||
| 653 | _aPoesía | ||
| 040 |
_aAR-ClEAG _cAR-ClEAG |
||
| 008 | 141027s2014####ag############000#0#und#d | ||
| 005 | 20241107184745.0 | ||
| 003 | AR-ClEAG | ||
| 942 | _cBK | ||
| 999 |
_c2448 _d2448 |
||
| 980 |
_62 _aEvangelina Gallicchio _82 _gEvangelina Gallicchio |
||